Statistics for NFL 99 OVR Club

Click here to take the quiz!

General Stats

  • This quiz has been taken 26 times
  • The average score is 6 of 9

Answer Stats

Team99 OVR% Correct
Los Angeles RamsAaron Donald
95%
Buffalo BillsJosh Allen
90%
Kansas City ChiefsPatrick Mahomes
90%
Green Bay PackersAaron Rodgers
85%
Tennessee TitansDerrick Henry
80%
Green Bay PackersDavante Adams
75%
Los Angeles RamsJalen Ramsey
55%
San Francisco 49ersTrent Williams
55%
Baltimore RavensJustin Tucker
5%

Score Distribution

Percentile by Number Answered

Percent of People with Each Score

Your Score History

You have not taken this quiz